01287nam a22002657a 4500003000400000005001700004008004100021040001100062082001400073100002900087245001400116260012900130300002300259490002600282505026200308505014900570505003500719505002800754505002900782505002200811650004500833650004400878650005500922650004400977OSt20230516095855.0230516b |||||||| |||| 00| 0 eng d cLado V 2708aK82f aKontova, Helenaeeditora aFlashArt/ aAustraliaaAustriaaBelgicaaCanadaaFranciaaAlemaniaaGran BretañaaHolandaaItaliaaEspañaaIrlandabGEA POLITIc2002 a128p.c20.5x27.5cm a225vXXXIVx0394-1493 aFlash Art NewstNY Contemporary Auctions Niki de Saint Phalle Summer Book Report At the Galleries Sandretto Re Rebaudengo New Space Art Forum Berlin 2002 MoMa QNS Opens Cityscape San Jose Theory: Art and Catastrophe Group Shows Aperto South Africa aFeaturestIntermission 1 Pierre Huyghe Hunting Men Focus Mexico Matthew Barney Javier Tellez Tania Bruguera Santiago Sierra Documenta XI aGlobal ArtrKatarzyna Kozyra  aOuverturesrDaniel Roth aSpotlightstManifiesta 4 aFlash Art Reviews 2Tesauro de Arte & ArquitecturaaCATALOGO 2Tesauro de Arte & ArquitecturaaREVISTA 2Tesauro de Arte & ArquitecturaaARTE INTERNACIONAL 2Tesauro de Arte & ArquitecturaaCRITICA